000
00324nam a22001457a 4500
020
_a
0-435-99972-9
082
_a
823
_b
FAS/C
100
_a
FASSETT, JAMES.H
245
_a
CAREFUL HANS
260
_a
NEW DELHI
_b
OXFORD UNIVERSITY PRESS
_c
2004
300
_a
144
520
_a
SHORT STORY
650
_a
SHORT STORY
942
_c
BK
999
_c
6050
_d
6050